000 00612nam a22001937a 4500
008 160329b xxu||||| |||| 00| 0 eng d
020 _a978-1-44625-609-1 (pbk)
082 _22013
_aDC 364
_bT71
100 _94409
_aTreadwell, James
245 _aCriminology:
_bthe essentials/
_cJames Treadwell.
250 _a2nd Edition
260 _aLondon:
_bSage Publications Ltd.,
_cc2013.
300 _ax, 218 pages;
_c21 cm.
500 _aIncludes bibliography and index.
650 0 _94412
_aCriminology
_xStudy and teaching
650 0 _94413
_aCriminology
_zGreat Britain
365 _b2,184.00
_cPhp
942 _2ddc
_cDC
999 _c1453
_d1453